Penas precoces / (Record no. 17414)

MARC details
000 -LEADER
campo de control de longitud fija 00800nam a2200253 i 4500
001 - NÚMERO DE CONTROL
campo de control 17414
003 - IDENTIFICADOR DE NÚMERO DE CONTROL
campo de control ES-MaACL
005 - FECHA Y HORA DE LA ÚLTIMA TRANSACCIÓN
campo de control 20230906151557.0
007 - CAMPO FIJO DE DESCRIPCIÓN FÍSICA--INFORMACIÓN GENERAL
campo de control de longitud fija t|
008 - DATOS DE LONGITUD FIJA--INFORMACIÓN GENERAL
campo de control de longitud fija 010302s2000 sp ||||1| spa d
020 ## - NÚMERO INTERNACIONAL ESTÁNDAR DEL LIBRO
Número Internacional Estándar del Libro 84-7669-409-1
080 ## - NÚMERO DE LA CLASIFICACIÓN DECIMAL UNIVERSAL
Número de la Clasificación Decimal Universal 821.163.41-31"19"
100 1# - ENTRADA PRINCIPAL--NOMBRE DE PERSONA
Nombre de persona Kis, Danilo.
9 (RLIN) 68148
245 10 - MENCIÓN DEL TÍTULO
Título Penas precoces /
Mención de responsabilidad, etc. Danilo Kis ; traducción de Dragana Bajic y Mª Angeles Alonso Zarza.
250 ## - MENCION DE EDICION
Mención de edición 1ª ed.
260 ## - PUBLICACIÓN, DISTRIBUCIÓN, ETC.
Lugar de publicación, distribución, etc. Barcelona :
Nombre del editor, distribuidor, etc. Muchnik,
Fecha de publicación, distribución, etc. 2000.
300 ## - DESCRIPCIÓN FÍSICA
Extensión 121 p. ;
Dimensiones 21 cm.
490 1# - MENCIÓN DE SERIE
Mención de serie Modernos y clásicos de Muchnik Editores ;
Designación de volumen o secuencia 96
700 1# - ENTRADA AGREGADA--NOMBRE PERSONAL
Nombre de persona Bajic, Dragana.
9 (RLIN) 24755
700 1# - ENTRADA AGREGADA--NOMBRE PERSONAL
Nombre de persona Alonso Zarza, Mª Angeles.
9 (RLIN) 20438
830 0# - PUNTO DE ACCESO ADICIONAL DE SERIE-TÍTULO UNIFORME
Título uniforme Modernos y clásicos de Muchnik Editores ;
Designación de volumen o secuencia 96
9 (RLIN) 180364
852 ## - LOCALIZACIÓN
Ubicación ES-MaACL
Número de control de estantería L-24403
Sublocalización o colección R.129499
Holdings
Estatus retirado Estado de pérdida Estado de daño No para préstamo Biblioteca de origen Biblioteca actual Ubicación en estantería Fecha de adquisición Fuente de adquisición Total de préstamos Signatura topográfica completa Código de barras Visto por última vez Precio de reemplazo Tipo de ítem Koha
        Biblioteca del Ateneo de Madrid Biblioteca del Ateneo de Madrid Depósito 2 17/01/2008     L-24403 1017767 23/02/2023 23/02/2023 Libro impreso